| 000 | 00751nam a2200205 u 4500 | ||
|---|---|---|---|
| 001 | 000188276 | ||
| 003 | AM-YeHGA | ||
| 005 | 20250617123746.0 | ||
| 008 | 980515s1989 ||||||||||||||||||||rus d | ||
| 020 | _a5746402923 | ||
| 040 | _aAM-YeHGA | ||
| 100 | 1 | _aКиров, Евгений Фролович | |
| 245 | 1 | 0 |
_aТеоретические проблемы моделирования языка / _cЕ.Ф. Киров ; Ред. З.М. Альмухамедова. |
| 260 |
_aКазань : _bИзд-во Казан. ун-та, _c1989. |
||
| 300 |
_a255,[1] с. : _bил. ; _c20 см. |
||
| 504 | _aБиблиогр.: с. 251-254 | ||
| 650 | 1 | 4 | _aЯзыкознание |
| 700 | 1 |
_aАльмухамедова, З.М. _eред _4edt |
|
| 090 | _c66385 | ||
| 999 |
_c65262 _d65262 |
||